LEADER 00784nam0 22002653i 450 001 996260444403316 005 20180628124436.0 020 $aIT$b753042 100 $a19910930d1974----||||0itac50 ba 101 $aita 102 $aIT 200 1 $aDiscorsi di Torino$fPalmiro Togliatti$gprefazione di Ugo Pecchioli$ga cura di Renzo Gianotti 210 $aTorino$cGruppo editoriale piemontese$d1974 215 $aXV, 457 p., [8] carte di tav.$d22 cm 676 $a335.4 700 1$aTOGLIATTI,$bPalmiro$0128714 702 1$aGIANOTTI,$bRenzo 702 1$aPECCHIOLI,$bUgo 801 0$aIT$bsalbc$gISBD 912 $a996260444403316 951 $aXV.14.A. 728$b264210 L.M.$cXV.14.A.$d415221 959 $aBK 969 $aFVIG 996 $aDiscorsi di Torino$91514558 997 $aUNISA LEADER 02808nam 22007454a 450 001 9910959198703321 005 20080321091817.0 010 $a9780822386223 010 $a0822386224 024 7 $a10.1515/9780822386223 035 $a(CKB)1000000000757601 035 $a(EBL)1167986 035 $a(OCoLC)191222123 035 $a(SSID)ssj0000390955 035 $a(PQKBManifestationID)12171727 035 $a(PQKBTitleCode)TC0000390955 035 $a(PQKBWorkID)10459500 035 $a(PQKB)10818834 035 $a(MiAaPQ)EBC1167986 035 $a(DE-B1597)553926 035 $a(DE-B1597)9780822386223 035 $a(OCoLC)1058427153 035 $a(Perlego)1465645 035 $a(EXLCZ)991000000000757601 100 $a20080125d2004 uy 0 101 0 $aeng 135 $aur|n|---||||| 181 $ctxt$2rdacontent 182 $cc$2rdamedia 183 $acr$2rdacarrier 200 10$aAloha betrayed $enative Hawaiian resistance to American colonialism /$fNoenoe K. Silva 210 $aDurham $cDuke University Press$dc2004 215 $a1 online resource (x, 260 pages) $cillustrations 225 1 $aAmerican encounters/global interactions 311 08$a9780822333500 311 08$a0822333503 320 $aIncludes bibliographical references (p. [241]-251) and index. 327 $aEarly struggles with the foreigners -- Ka hoku o ka pakipita : emergence of the native voice in print -- The merrie monarch : genealogy, cosmology, mele and performance art as resistance -- The annexation struggle -- The queen of Hawai'i raises her solemn note of protest. 330 $aAn historical account of native Hawaiian encounters with and resistance to American colonialism, based on little-read Hawaiian-language sources. 410 0$ae-Duke books scholarly collection. 410 0$aAmerican encounters/global interactions. 606 $aHawaiians$xColonization 606 $aHawaiians$xGovernment relations 606 $aHawaiians$xPolitics and government 606 $aImperialism$xHistory 607 $aHawaii$xAnnexation to the United States 607 $aHawaii$xHistory$yOverthrow of the Monarchy, 1893 607 $aHawaii$xForeign relations$zUnited States 607 $aUnited States$xForeign relations$zHawaii 607 $aHawaii$xHistoriography 607 $aHawaii$xHistory$vSources 615 0$aHawaiians$xColonization. 615 0$aHawaiians$xGovernment relations. 615 0$aHawaiians$xPolitics and government. 615 0$aImperialism$xHistory. 676 $a996.9/02 676 $a996.902 700 $aSilva$b Noenoe K.$f1954-$01258465 801 0$bMiAaPQ 801 1$bMiAaPQ 801 2$bMiAaPQ 906 $aBOOK 912 $a9910959198703321 996 $aAloha betrayed$94355987 997 $aUNINA